Statistics for US States Where Drivers Are Most Likely to Hit a Deer

Click here to take the quiz!

General Stats

  • This quiz has been taken 131 times
  • The average score is 8 of 10

Answer Stats

State RankAnswer% Correct
6South Dakota
89%
10North Dakota
88%
2Montana
87%
9Michigan
84%
5Wisconsin
84%
7Minnesota
83%
8Wyoming
83%
4Iowa
80%
3Pennsylvania
61%
1West Virginia
53%

Score Distribution

Percentile by Number Answered

Percent of People with Each Score

Your Score History

You have not taken this quiz